|
|
|
|
| LEADER |
00000cam a22000007a 4500 |
| 005 |
20111222143521.0 |
| 007 |
cr |
| 008 |
070709s2007 sp fs 001 0 spa c |
| 020 |
|
|
|a 9788498490329 (versi ̤impressa)
|
| 035 |
|
|
|a 2319
|
| 040 |
|
|
|d vLex
|
| 041 |
0 |
|
|a spa
|
| 090 |
|
|
|c 2859
|d 2859
|
| 100 |
1 |
|
|a Cruz Mr̀quez, Beatriz
|
| 245 |
1 |
3 |
|a La Medida de internamiento y sus alternativas en el derecho penal juvenil
|h [Recurso electrn̤ico] /
|c Beatriz Cruz Mr̀quez
|
| 256 |
|
|
|a Servicio en ln̕ea
|
| 260 |
|
|
|a Madrid :
|b Dykinson,
|c 2007
|
| 300 |
|
|
|a 1 recurso electrn̤ico
|
| 504 |
|
|
|a Índice. -- Bibliografa̕: p. [205]-228
|
| 506 |
1 |
|
|a Contenido solo disponible en los productos indicados
|d vLex Global
|d vLex Global (Academic Edition, excluding Law Schools)
|d vLex Global (U.S. Academic Edition, Law Schools)
|d vLex Global (U.S. Academic Edition, excluding Law Schools)
|d vLex Global (Academic Edition, Law Schools)
|
| 650 |
0 |
7 |
|a Justicia de menores
|z Espaą
|
| 650 |
0 |
7 |
|2 Tesauro vLex
|a Civil
|
| 650 |
0 |
7 |
|2 Tesauro vLex
|a Menores
|
| 650 |
0 |
7 |
|2 Tesauro vLex
|a Ejecucin̤ de sentencias
|
| 650 |
0 |
7 |
|2 Tesauro vLex
|a Polt̕ica Criminal
|
| 650 |
0 |
7 |
|2 Tesauro vLex
|a Rǧimen penitenciario
|
| 740 |
0 |
|
|a vLex Libros (Servicio en ln̕ea)
|
| 830 |
|
0 |
|a Monografa̕s de derecho penal (Dykinson) ;
|v 9
|
| 856 |
4 |
2 |
|z Acceso restringido
|u http://vlex.com/source/derecho-penal-juvenil-medida-internamiento-alternativas-2319
|
| 942 |
|
|
|c BOOK
|
| 999 |
0 |
|
|a Juvenile justice, Administration of
|
| 999 |
0 |
|
|a Criminal law
|